| 000 | 00490nam a2200169Ia 4500 | ||
|---|---|---|---|
| 999 |
_c12458 _d12458 |
||
| 003 | OSt | ||
| 005 | 20201105120434.0 | ||
| 008 | 190216s9999||||xx |||||||||||||| ||und|| | ||
| 040 | _coclc | ||
| 082 |
_a792 _bRAN/I |
||
| 100 |
_aRangacharya, Adya _96273 |
||
| 245 | 4 |
_aThe Indian Theatre / _cAdya Rangacharya |
|
| 260 |
_bNational Book Trust India, _c1971. _aNew Delhi: |
||
| 300 | _a160p | ||
| 650 | _aEnglish Literature | ||
| 942 |
_cBK _2ddc _h792 _iRAN/I _k792 _mRAN/I |
||